<?xml version="1.0" encoding="UTF-8"?><?xml-stylesheet type="text/xsl" href="static/style.xsl"?><OAI-PMH xmlns="http://www.openarchives.org/OAI/2.0/" xmlns:xsi="http://www.w3.org/2001/XMLSchema-instance" xsi:schemaLocation="http://www.openarchives.org/OAI/2.0/ http://www.openarchives.org/OAI/2.0/OAI-PMH.xsd"><responseDate>2026-04-18T02:43:50Z</responseDate><request verb="GetRecord" identifier="oai:www.recercat.cat:10459.1/469142" metadataPrefix="marc">https://recercat.cat/oai/request</request><GetRecord><record><header><identifier>oai:recercat.cat:10459.1/469142</identifier><datestamp>2025-12-04T19:54:45Z</datestamp><setSpec>com_2072_3622</setSpec><setSpec>col_2072_479130</setSpec></header><metadata><record xmlns="http://www.loc.gov/MARC21/slim" xmlns:dcterms="http://purl.org/dc/terms/" xmlns:xsi="http://www.w3.org/2001/XMLSchema-instance" xmlns:doc="http://www.lyncode.com/xoai" xsi:schemaLocation="http://www.loc.gov/MARC21/slim http://www.loc.gov/standards/marcxml/schema/MARC21slim.xsd">
   <leader>00925njm 22002777a 4500</leader>
   <datafield ind2=" " ind1=" " tag="042">
      <subfield code="a">dc</subfield>
   </datafield>
   <datafield ind2=" " ind1=" " tag="720">
      <subfield code="a">Morales-Parragué, Mario</subfield>
      <subfield code="e">author</subfield>
   </datafield>
   <datafield ind2=" " ind1=" " tag="720">
      <subfield code="a">Araya-Castillo, Luis</subfield>
      <subfield code="e">author</subfield>
   </datafield>
   <datafield ind2=" " ind1=" " tag="720">
      <subfield code="a">Molina-Luque, Fidel</subfield>
      <subfield code="e">author</subfield>
   </datafield>
   <datafield ind2=" " ind1=" " tag="260">
      <subfield code="c">2025</subfield>
   </datafield>
   <datafield ind2=" " ind1=" " tag="520">
      <subfield code="a">La Responsabilidad Social Corporativa (RSC) ha sido interpretada desde marcos que habitualmente la reducen a la maximización de beneficios económicos o a iniciativas filantrópicas desvinculadas de la gestión. El Enfoque de Capacidades (EC), desarrollado por Sen y Nussbaum, ofrece una alternativa normativa para repensar la RSC desde la justicia y el desarrollo humano. Sin embargo, su aplicación organizacional ha sido cuestionada por su énfasis individualista y la dificultad de aplicar sus fundamentos. Este artículo propone una tercera vía que reinterpreta el EC desde una perspectiva relacional, reconociendo que las capacidades se configuran en interacción con estructuras institucionales y vínculos sociales. Sobre esta base se introduce el Modelo de Interacción de Capacidades (CIM), que concibe al negocio como un puente entre empresa y sociedad, un HUB de Capacidades de los Stakeholders. En este espacio se despliega la Agencia Situada y emergen Capacidades que reflejan oportunidades de desarrollo humano. La propuesta se aplica a tres marcos influyentes en la RSC: la teoría de los stakeholders, la pirámide de Carroll y el enfoque de Valor Compartido, reformulándolos desde una lógica cooperativa y deliberativa, ofreciendo una mirada normativa para orientar la gestión empresarial hacia la co-creación de valor y la expansión de libertades reales.</subfield>
   </datafield>
   <datafield ind2=" " ind1=" " tag="520">
      <subfield code="a">Corporate Social Responsibility (CSR) has often been interpreted through frameworks that reduce it either to the maximization of economic benefits or to philanthropic initiatives disconnected from management. The Capability Approach (CA), developed by Sen and Nussbaum, offers a normative alternative to rethink CSR from the standpoint of justice and human development. However, its organizational application has been questioned for its individualistic emphasis and the difficulty of operationalizing its foundations. This article proposes a third way that reinterprets the CA from a relational perspective, recognizing that capabilities are shaped through interaction with institutional structures and social relationships. On this basis, the Capability Interaction Model (CIM) is introduced, conceiving business as a bridge between the company and society, a stakeholder capability hub. Within this space, Situated Agency unfolds and Capabilities emerge that reflect opportunities for human development. The proposal is applied to three influential CSR frameworks, stakeholder theory, Carroll's pyramid, and the Shared Value approach, reformulating them through a cooperative and deliberative logic, and offering a normative lens to guide business management toward the co-creation of value and the expansion of real freedoms.</subfield>
   </datafield>
   <datafield ind1="8" ind2=" " tag="024">
      <subfield code="a">http://hdl.handle.net/10459.1/469142</subfield>
   </datafield>
   <datafield tag="653" ind2=" " ind1=" ">
      <subfield code="a">Responsabilidad Social Corporativa</subfield>
   </datafield>
   <datafield tag="653" ind2=" " ind1=" ">
      <subfield code="a">Enfoque de Capacidades</subfield>
   </datafield>
   <datafield tag="653" ind2=" " ind1=" ">
      <subfield code="a">Modelo de Interacción de Capacidades (CIM)</subfield>
   </datafield>
   <datafield tag="653" ind2=" " ind1=" ">
      <subfield code="a">HUB de Capacidades</subfield>
   </datafield>
   <datafield ind2="0" ind1="0" tag="245">
      <subfield code="a">Hacia una Tercera vía en la Responsabilidad Social Corporativa: Aportes desde el Enfoque de Capacidades para superar el Utilitarismo</subfield>
   </datafield>
</record></metadata></record></GetRecord></OAI-PMH>